[Event "Global Chess League"]
[Site "Dubai"]
[Date "2023.06.24"]
[Round "3.1"]
[White "Anand, Viswanathan"]
[Black "Nepomniachtchi, Ian"]
[Result "1/2-1/2"]
[WhiteElo "2754"]
[BlackElo "2779"]
[PlyCount "60"]
[EventDate "2023.06.22"]
[EventType "team-tourn (rapid)"]
[EventRounds "10"]
[EventCountry "UAE"]
[SourceTitle "CBM 215 Extra"]
[Source "ChessBase"]
[SourceDate "2023.09.30"]
[SourceVersion "1"]
[SourceVersionDate "2023.09.30"]
[SourceQuality "1"]
[WhiteTeam "Ganges Grandmasters"]
[BlackTeam "Balan Alaskan Knights"]
[WhiteTeamCountry "IND"]
[BlackTeamCountry "IND"]

1. e4 e5 2. Nf3 Nf6 3. Nxe5 d6 4. Nf3 Nxe4 5. d4 d5 6. Bd3 Bd6 7. 0-0 0-0 8. c4 c6 9. cxd5 cxd5 10. Nc3 Nxc3 11. bxc3 Bg4 12. Rb1 Nd7 13. h3 Bh5 14. Rb5 Nf6 15. Bg5 a6 16. Bxf6 Qxf6 17. Rxd5 Bxf3 18. Qxf3 Qxf3 19. gxf3 Rfd8 20. c4 Ba3 21. Be4 Rxd5 22. Bxd5 Rd8 23. Bxb7 Rxd4 24. Bxa6 Rd2 25. Rb1 g6 26. Rb5 Rxa2 27. Bb7 Rb2 28. Bd5 Rxb5 29. cxb5 Bc5 30. Kg2 Kg7 1/2-1/2

[Event "Global Chess League"]
[Site "Dubai"]
[Date "2023.06.22"]
[Round "1.1"]
[White "Anand, Viswanathan"]
[Black "Duda, Jan Krzysztof"]
[Result "1-0"]
[WhiteElo "2754"]
[BlackElo "2732"]
[PlyCount "79"]
[EventDate "2023.06.22"]
[EventType "team-tourn (rapid)"]
[EventRounds "10"]
[EventCountry "UAE"]
[SourceTitle "CBM 215 Extra"]
[Source "ChessBase"]
[SourceDate "2023.09.30"]
[SourceVersion "1"]
[SourceVersionDate "2023.09.30"]
[SourceQuality "1"]
[WhiteTeam "Ganges Grandmasters"]
[BlackTeam "Chingari Gulf Titans"]
[WhiteTeamCountry "IND"]
[BlackTeamCountry "IND"]

1. e4 e5 2. Nf3 Nc6 3. Bb5 Nf6 4. d3 Bc5 5. Bxc6 dxc6 6. Nbd2 Nd7 7. Nc4 0-0 8. 0-0 Re8 9. Kh1 f6 10. Nh4 Nf8 11. Ne3 Ng6 12. Nhf5 Bxe3 13. Nxe3 Be6 14. b3 Qd4 15. Rb1 Rad8 16. Bb2 Qd6 17. f3 c5 18. g3 b5 19. Qe2 Rd7 20. Rf2 Qc6 21. h4 c4 22. dxc4 bxc4 23. bxc4 Qc5 24. Rff1 Red8 25. Bc3 Qa3 26. Rb3 Qa6 27. h5 Ne7 28. h6 Nc6 29. Re1 Nd4 30. Bxd4 Rxd4 31. hxg7 Rd2 32. Qf1 Kxg7 33. g4 Qa5 34. Qg1 Kg6 35. Qg3 Qxa2 36. g5 fxg5 37. Qxe5 Qa6 38. f4 gxf4 39. Nd5 Bxd5 40. Rg1+ 1-0

[Event "EU-Cup 37th"]
[Site "Mayrhofen"]
[Date "2022.10.06"]
[Round "4.1"]
[White "Anand, Viswanathan"]
[Black "Mamedyarov, Shakhriyar"]
[Result "1-0"]
[WhiteElo "2756"]
[BlackElo "2747"]
[PlyCount "107"]
[EventDate "2022.10.03"]
[EventType "team-swiss"]
[EventRounds "7"]
[EventCountry "AUT"]
[SourceTitle "CBM 212 Extra"]
[Source "ChessBase"]
[SourceDate "2023.03.31"]
[SourceVersion "1"]
[SourceVersionDate "2023.03.31"]
[SourceQuality "1"]
[WhiteTeam "CSU ASE Superbet"]
[BlackTeam "Viernheim"]
[WhiteTeamCountry "ROU"]
[BlackTeamCountry "GER"]

1. e4 e5 2. Nf3 Nc6 3. Bb5 a6 4. Ba4 Nf6 5. 0-0 Nxe4 6. d4 b5 7. Bb3 d5 8. dxe5 Be6 9. c3 Be7 10. Nbd2 Nc5 11. Bc2 d4 12. Nb3 d3 13. Bb1 Nxb3 14. axb3 Bf5 15. b4 0-0 16. Re1 Qd7 17. h3 Rfd8 18. g4 Bg6 19. Bf4 a5 20. bxa5 Rxa5 21. Ba2 Rxa2 22. Rxa2 Qd5 23. Ra1 b4 24. Nd2 f6 25. exf6 Bxf6 26. Rc1 Rf8 27. Be3 bxc3 28. bxc3 Bh4 29. Rf1 Ne5 30. f4 Nc4 31. Nxc4 Qxc4 32. f5 Bf7 33. Rf4 Qd5 34. Rd4 Qe5 35. Bf4 Qe2 36. Qxe2 dxe2 37. Re4 e1Q+ 38. Rcxe1 Bxe1 39. Rxe1 c6 40. Kf2 h6 41. Re7 Bd5 42. Kg3 Rf7 43. Re1 Kh7 44. Bd6 Rd7 45. Bc5 Bf7 46. Re3 Rd5 47. Bb6 Kg8 48. Kf4 Rb5 49. Bd4 Rd5 50. Re1 c5 51. Be3 Rd3 52. Rc1 Bb3 53. h4 c4 54. Ra1 1-0

[Event "Chess.com Rapid CGC KO"]
[Site "Chess.com INT"]
[Date "2022.09.17"]
[Round "1.1"]
[White "Anand, Viswanathan"]
[Black "Ponkratov, Pavel"]
[Result "1/2-1/2"]
[WhiteElo "2756"]
[BlackElo "2593"]
[PlyCount "83"]
[EventDate "2022.09.14"]
[EventType "k.o. (rapid)"]
[EventRounds "6"]
[EventCountry "USA"]
[SourceTitle "EXT 2023"]
[Source "ChessBase"]
[SourceDate "2022.10.05"]
[SourceVersion "1"]
[SourceVersionDate "2022.10.05"]
[SourceQuality "1"]

1. e4 e6 2. d4 d5 3. Nc3 Bb4 4. e5 c5 5. a3 Bxc3+ 6. bxc3 Nc6 7. Qg4 g6 8. h4 h6 9. Nf3 Qa5 10. Bd2 Qa4 11. Ra2 Bd7 12. Qf4 c4 13. Be2 Nge7 14. Nh2 0-0-0 15. Ng4 h5 16. Nf6 Nf5 17. f3 Nce7 18. Kf2 Qa5 19. g4 hxg4 20. fxg4 Nxh4 21. Qg5 Nhf5 22. Nh7 Nc6 23. gxf5 gxf5 24. Raa1 Qa4 25. Rac1 Qxa3 26. Qf6 Qb2 27. Qxf7 a5 28. Nf6 Rxh1 29. Rxh1 Qxc2 30. Rd1 a4 31. Nxd7 Rxd7 32. Qxe6 a3 33. Qf6 a2 34. Qf8+ Rd8 35. Qa3 Rh8 36. Bf3 Rh2+ 37. Ke1 Qd3 38. Qf8+ Kc7 39. Qd6+ Kc8 40. Qf8+ Kc7 41. Qd6+ Kc8 42. Qf8+ 1/2-1/2

[Event "Chess.com Rapid CGC KO"]
[Site "Chess.com INT"]
[Date "2022.09.17"]
[Round "1.3"]
[White "Anand, Viswanathan"]
[Black "Ponkratov, Pavel"]
[Result "1/2-1/2"]
[WhiteElo "2756"]
[BlackElo "2593"]
[PlyCount "120"]
[EventDate "2022.09.14"]
[EventType "k.o. (rapid)"]
[EventRounds "6"]
[EventCountry "USA"]
[SourceTitle "EXT 2023"]
[Source "ChessBase"]
[SourceDate "2022.10.05"]
[SourceVersion "1"]
[SourceVersionDate "2022.10.05"]
[SourceQuality "1"]

1. e4 e5 2. Nf3 d6 3. d4 exd4 4. Nxd4 Nf6 5. Nc3 Be7 6. Bf4 Nc6 7. Qd2 0-0 8. 0-0-0 Nxd4 9. Qxd4 a6 10. h3 b5 11. g4 c5 12. Qe3 b4 13. Ne2 Be6 14. Ng3 d5 15. Bc4 d4 16. Qb3 Bxc4 17. Qxc4 Nd7 18. Kb1 Nb6 19. Qd3 Re8 20. h4 c4 21. Qxd4 Qxd4 22. Rxd4 Bc5 23. Rdd1 Bxf2 24. e5 Bxg3 25. Bxg3 Rad8 26. Rd6 Rxd6 27. exd6 f6 28. Rd1 Nd7 29. Be1 a5 30. a3 Re4 31. axb4 axb4 32. Bxb4 Kf7 33. Rg1 h5 34. gxh5 Rxh4 35. Re1 Ne5 36. d7 Rd4 37. Bc3 Rxd7 38. Bxe5 fxe5 39. Rxe5 Rc7 40. Kc1 Kf6 41. Rd5 Ke6 42. Rg5 Kf6 43. Rb5 c3 44. b4 Re7 45. Kb1 Re2 46. Rc5 Re4 47. b5 Rb4+ 48. Kc1 Ke6 49. Kd1 Kd6 50. Rg5 Rd4+ 51. Ke1 Rd2 52. Rxg7 Rxc2 53. b6 Rc1+ 54. Ke2 c2 55. Kd2 Rh1 56. Kxc2 Rxh5 57. b7 Rb5 58. Kc3 Kc6 59. Kc4 Rxb7 60. Rxb7 Kxb7 1/2-1/2

[Event "Chess.com Rapid CGC KO"]
[Site "Chess.com INT"]
[Date "2022.09.17"]
[Round "1.5"]
[White "Ponkratov, Pavel"]
[Black "Anand, Viswanathan"]
[Result "1-0"]
[WhiteElo "2593"]
[BlackElo "2756"]
[PlyCount "71"]
[EventDate "2022.09.14"]
[EventType "k.o. (rapid)"]
[EventRounds "6"]
[EventCountry "USA"]
[SourceTitle "EXT 2023"]
[Source "ChessBase"]
[SourceDate "2022.10.05"]
[SourceVersion "1"]
[SourceVersionDate "2022.10.05"]
[SourceQuality "1"]

1. e4 e5 2. Nf3 Nc6 3. Bc4 Bc5 4. c3 Nf6 5. d4 exd4 6. e5 d5 7. Be2 Ne4 8. cxd4 Bb6 9. Nc3 0-0 10. 0-0 Be6 11. Na4 f6 12. Be3 Kh8 13. a3 fxe5 14. Nxb6 axb6 15. Nxe5 Nd6 16. f4 Bf5 17. Qb3 Be4 18. Rac1 Na5 19. Qc3 Nac4 20. Rcd1 c6 21. Bc1 b5 22. g4 Qe7 23. Qg3 Bc2 24. Rde1 Ne4 25. Qh3 Kg8 26. Qg2 Bb3 27. Rf3 Nxe5 28. dxe5 Qc5+ 29. Kh1 Bc4 30. Bd1 b4 31. f5 bxa3 32. bxa3 b5 33. g5 b4 34. g6 bxa3 35. f6 h5 36. f7+ 1-0

[Event "Dortmund NC World Masters"]
[Site "Dortmund"]
[Date "2022.07.22"]
[Round "4"]
[White "Anand, Viswanathan"]
[Black "Kollars, Dmitrij"]
[Result "1/2-1/2"]
[WhiteElo "2756"]
[BlackElo "2648"]
[PlyCount "100"]
[EventDate "2022.07.18"]
[EventType "tourn"]
[EventRounds "6"]
[EventCountry "GER"]
[EventCategory "17"]
[SourceTitle "CBM 209 Extra"]
[Source "ChessBase"]
[SourceDate "2022.09.30"]
[SourceVersion "1"]
[SourceVersionDate "2022.09.30"]
[SourceQuality "1"]

1. c4 e6 2. Nc3 d5 3. d4 c5 4. cxd5 exd5 5. Nf3 Nf6 6. Bg5 Be6 7. dxc5 Bxc5 8. e3 Nc6 9. Bb5 Rc8 10. Nd4 Kf8 11. Bxc6 bxc6 12. a3 Be7 13. b4 c5 14. bxc5 Qa5 15. Qd2 Rxc5 16. Bxf6 Bxf6 17. Nce2 Qxd2+ 18. Kxd2 Ke7 19. Rhc1 Rhc8 20. Rxc5 Rxc5 21. Rb1 Kd7 22. Nf4 Ra5 23. Rb3 Ra4 24. Nfe2 Ra5 25. Nc3 Be5 26. f4 Bxd4 27. exd4 Kc6 28. a4 Ra6 29. Kc2 Bf5+ 30. Kb2 Be4 31. g4 Kc7 32. g5 f6 33. Rb5 fxg5 34. fxg5 h6 35. h4 hxg5 36. hxg5 Rb6 37. a5 Rxb5+ 38. Nxb5+ Kc6 39. Nxa7+ Kb7 40. Nb5 Ka6 41. Nc7+ Kxa5 42. Kc3 g6 43. Ne8 Kb5 44. Kd2 Kc6 45. Nf6 Kd6 46. Ke3 Bf5 47. Kf4 Bh3 48. Ne8+ Kd7 49. Nf6+ Kd6 50. Ne8+ Kd7 1/2-1/2